000 00572nam a2200217Ia 4500
003 OSt
005 20220923211904.0
006 a|||||r|||| 00| 0
007 ta
008 Pun
024 _a65,253
037 _cTextual
040 _aARTS
_cARTS
_bPun
041 _2Pun
_aPun
082 _aQ8441:2K66w, 153K4
100 _aਭਗਤ ਸਿੰਘ
245 0 _aਰਾFਟਰ ਵੀਰ
_b ਗੁਰੂ ਗੋਬਿੰਦ ਸਿੰਘ
260 _c1964
942 _hQ8441:2K66w, 153K4
_cTEXL
_2CC
999 _c304402
_d304402